00776nam a2200241 a 4500003000900000005001700009007000300026008004100029040003000070082001300100111012500113245006800238260000900306264009400315300002500409336002700434337003300461338002800494611000300522710000300525710000300528710000300531DO-SdBNP20240307091354.0ta240307e1990 dr ||||gr|||| 00| 0 spa d aDO-SdBNPbspacBNPHUerda 4222bP9562 aPrimera Feria Barrial del libro y la culturan(1ra.d1990 : 1 ero al 4 de febrerocParque San Carlos, Distrito Nacional)10aPrimera feria barrial del libro y la cultura, Luis Scheker Hame c1989 aSanto Domingo :bComisión Organizadora Permanente de la Feria Nacional del libro,c1990 a8 paginas. ;c21 cm. 2rdacontentatextobtxt 2rdamediaasin mediaciónbn 2rdacarrieravolumenbnc